banner-ar

موسى بن ميمون / (Record no. 62894)

MARC details
000 -الفاتح
حقل البيانات ثابتة الطول 00946nam a22002537a 4500
005 - وقت وتاريخ اخر تعامل مع التسجيلة
رقم الضبط 20240530110613.0
008 - عناصر البيانات ثابتة الطول - معلومات عامة
حقل البيانات ثابتة الطول 160903s2013 au g 000 0dara d
017 ## - رقم الايداع القانونى
رقم الايداع القانونى 16221/2012
المصدر ( الهيئة المختصة) مصر . دار الكتب المصريه
020 ## - الرقم الدولى المعيارى للكتب
الرقم الدولى المعيارى للكتاب 9789777180450
040 ## - مصدر الفهرسة
وكالة الفهرسة الأصلية EG-CaGPL
082 04 - رقم تصنيف ديوى العشرى
رقم الطبعة 21
رقم التصنيف 189.1\
رقم المادة ر م
100 1# - المدخل الرئيسى - إسم شخصى
الإسم الشخصى رودافسكي ، تمار.
245 10 - بيان العنوان
العنوان موسى بن ميمون /
بيان المسئوليه,etc تاليف تمار رودافسكي ؛ ترجمة جمال الرفاعى .
250 ## - بيان الطبعة
بيان الطبعة ط.1
260 ## - PUBLICATION, DISTRIBUTION, ETC. (IMPRINT)
تاريخ النشر أو التوزيع 2013 .
300 ## - الوصف المادى
التعداد 296 ص ؛
أبعاد الوعاء 24 سم .
490 0# - بيان السلسلة
عنوان السلسلة المشروع القومي للترجمه : عقول عظيمه
رقم المجلد/ التعيين التسلسلي 2095
600 04 - المدخل الاضافى بالموضوع-اسم شخصى
الإسم الشخصى موسي بن ميمون .
650 04 - المدخل الاضافى بالموضوع-مصطلح موضوعى
مصطلح موضوعي الاخلاق .
650 04 - المدخل الاضافى بالموضوع-مصطلح موضوعى
مصطلح موضوعي فلسفه اليهود .
700 0# - المدخل الاضافى - اسم شخصى
الإسم الشخصى جمال الرفاعي
الدور مترجم .
942 ## - عناصر المدخل الإضافي( كوها)
مصدر التصنيف او مخطط الترفيف Dewey Decimal Classification
Koha [default] item type كتاب
260 ## - PUBLICATION, DISTRIBUTION, ETC. (IMPRINT)
-- القاهره :
-- المركز القومي للترجمه ،
Holdings
حالة التراجع حالة الفقد حالة تلف ليس للاعارة المكان المؤقت الموقع الحالى موقع الترفيف تاريخ الاكتساب اجمالي اﻻعارات رقم الطلب الباركود تاريخ اخر مشاهدة تاريخ تفعيل السعر نوع وعاء كوها
        مكتبة القاهرة الكبرى مكتبة القاهرة الكبرى القاعة الرئيسية 11/23/2016   189.1\ ر م 162803 11/23/2016 11/23/2016 كتاب

Powered By

EGPV